Estatísticas para Esportes dos Jogos Olímpicos de Verão de 2020

Clique aqui para jogar o quiz

Estatísticas Gerais

  • Esse quiz foi jogado 2 954 vezes
  • A pontuação média é 19 de 34

Estatísticas das Respostas

Esporte% Correto
Futebol
98%
Voleibol
93%
Esportes Aquáticos
92%
Basquetebol
88%
Atletismo
86%
Ginástica
83%
Skate
76%
Tênis
76%
Judô
72%
Surfe
66%
Tiro
64%
Boxe
62%
Tênis de Mesa
59%
Hipismo
58%
Handebol
57%
Canoagem
55%
Ciclismo
54%
Esgrima
54%
Karatê
50%
Lutas
49%
Vela
48%
Triatlo
42%
Halterofilismo
41%
Badminton
38%
Beisebol
38%
Taekwondo
37%
Golfe
36%
Hóquei sobre Grama
36%
Remo
34%
Rugby Sevens
32%
Escalada
27%
Pentatlo Moderno
25%
Tiro com Arco
21%
Softbol
14%

Distribuição das Pontuações

Percentil de Números Respondidos

Porcentagem de Pessoas com Cada Pontuação

Sua Pontuação Histórica

Você não jogou esse quiz